[Event "Mecklenburg VP VL 1718"]
[Site "Mecklenburg VP"]
[Date "2017.11.12"]
[Round "2.8"]
[White "Bollnow, Alex"]
[Black "Wagner, Ingolf"]
[Result "1/2-1/2"]
[WhiteElo "1492"]
[BlackElo "1728"]
[PlyCount "48"]
[EventDate "2017.10.08"]
[EventType "team-tourn"]
[EventRounds "9"]
[EventCountry "GER"]
[SourceTitle "EXT 2022"]
[Source "ChessBase"]
[SourceDate "2021.10.06"]
[SourceVersion "1"]
[SourceVersionDate "2021.10.06"]
[SourceQuality "1"]
[WhiteTeam "Torgelow Droegeheide"]
[BlackTeam "Wismar ASV Gruen-Weiss"]
[WhiteTeamCountry "GER"]
[BlackTeamCountry "GE2"]

1. e4 g6 2. d4 d6 3. c4 Bg7 4. Nc3 Nc6 5. Be3 e5 6. Nge2 f5 7. f3 Nf6 8. d5 Ne7 9. c5 fxe4 10. cxd6 Qxd6 11. Nxe4 Qxd5 12. Nxf6+ Bxf6 13. Nc3 Qxd1+ 14. Rxd1 Bd7 15. Ne4 Bg7 16. Nc5 0-0-0 17. Bg5 Rhe8 18. Bc4 h6 19. Nxd7 hxg5 20. Ke2 Nf5 21. Nc5 Nd4+ 22. Kf2 Rd6 23. Ne4 Rc6 24. Bd3 Bh6 1/2-1/2

[Event "Rostock SSC op 14th"]
[Site "Rostock"]
[Date "2015.07.31"]
[Round "5.20"]
[White "Fleischer, Matthias"]
[Black "Wagner, Ingolf"]
[Result "1/2-1/2"]
[WhiteElo "1895"]
[BlackElo "1641"]
[PlyCount "105"]
[EventDate "2015.07.29"]
[EventType "swiss"]
[EventRounds "7"]
[EventCountry "GER"]
[SourceTitle "EXT 2019"]
[Source "ChessBase"]
[SourceDate "2018.10.10"]
[SourceVersion "1"]
[SourceVersionDate "2018.10.10"]
[SourceQuality "1"]

1. d4 Nf6 2. Nf3 e6 3. Bg5 c5 4. e3 cxd4 5. exd4 Qa5+ 6. c3 Ne4 7. Be3 h6 8. Nbd2 Nf6 9. Bd3 d6 10. 0-0 Nc6 11. Re1 Nd5 12. Qe2 Be7 13. Nc4 Qc7 14. Bd2 b5 15. Ne3 Nf4 16. Qf1 Nxd3 17. Qxd3 a6 18. a3 Na5 19. Rad1 d5 20. Ne5 Nc4 21. N3xc4 bxc4 22. Qg3 Bf6 23. f4 g6 24. Re2 Kf8 25. Rde1 Kg7 26. h4 h5 27. Nf3 Bd7 28. Ng5 Bxg5 29. Qxg5 Rae8 30. Qg3 Kh7 31. Qg5 Kg7 32. Re3 Qd8 33. Qg3 Qf6 34. Re5 Qd8 35. Rg5 Kh7 36. Ree5 Kg7 37. Rxh5 f6 38. Rxh8 Rxh8 39. Re2 Rh5 40. Be1 Qc7 41. Qf3 Qb6 42. g4 Rh8 43. Bg3 Ba4 44. Qe3 Re8 45. g5 Bd1 46. gxf6+ Kf7 47. Rh2 Bg4 48. Qe5 Qb3 49. Rd2 Qa2 50. h5 Qb1+ 51. Kf2 gxh5 52. Bh4 Rg8 53. Qe1 1/2-1/2

[Event "Rostock SSC op 14th"]
[Site "Rostock"]
[Date "2015.07.30"]
[Round "3.20"]
[White "Hopp, Peter"]
[Black "Wagner, Ingolf"]
[Result "1/2-1/2"]
[WhiteElo "1843"]
[BlackElo "1641"]
[PlyCount "25"]
[EventDate "2015.07.29"]
[EventType "swiss"]
[EventRounds "7"]
[EventCountry "GER"]
[SourceTitle "EXT 2019"]
[Source "ChessBase"]
[SourceDate "2018.10.10"]
[SourceVersion "1"]
[SourceVersionDate "2018.10.10"]
[SourceQuality "1"]

1. e4 d6 2. d4 Nf6 3. Nc3 g6 4. Nf3 Bg7 5. Be2 c6 6. 0-0 Na6 7. Bf4 Nc7 8. Qd2 h6 9. h3 Be6 10. Rad1 Qd7 11. e5 Nfd5 12. Nxd5 Nxd5 13. Bg3 1/2-1/2